Derechos humanos: recopilación de instrumentos internacionales
Guardat en:
| Autor corporatiu: | |
|---|---|
| Format: | Llibre |
| Idioma: | anglès |
| Publicat: |
Nueva York
Naciones Unidas
1988
|
| Matèries: | |
| Etiquetes: |
Afegir etiqueta
Sense etiquetes, Sigues el primer a etiquetar aquest registre!
|
MARC
| LEADER | 00000nam a2200000 a 4500 | ||
|---|---|---|---|
| 001 | UCV3406 | ||
| 003 | CL-VaPUC | ||
| 008 | 930708e19880000US |||||||||||||||||eng|d | ||
| 082 | 0 | 4 | |a 341.481 |b CEN |2 21 |
| 110 | 2 | |a Centro de Derechos Humanos |e author |9 297672 | |
| 245 | 1 | 0 | |a Derechos humanos: recopilación de instrumentos internacionales |
| 300 | |a 418 p | ||
| 942 | |c BK | ||
| 945 | |d 19930708 00:00:00 | ||
| 260 | |a Nueva York |b Naciones Unidas |c 1988 | ||
| 650 | 0 | |a Derechos humanos |9 223025 | |
| 583 | |a last modification |c 19930708 00:00:00 |k Rodrigo Vera | ||
| 999 | |c 210634 |d 210632 | ||
| 952 | |0 0 |1 0 |4 0 |6 341_481000000000000_CEN_1988 |7 0 |8 A |9 187006 |a BIBDER |b BIBDER |d 2019-11-14 |i 2546620 |o 341.481 CEN 1988 |p 2546620 |r 2023-01-25 |w 2019-11-14 |y BK |k DER | ||